000 01087nam a2200289 i 4500
001 bg
003 KOSZ 005
005 20200423132959.0
008 080410s1962 pl g 000 0 pol
015 _aPB 1962/4347
040 _aWA N
_cKOSZ 005/RW
_dKOSZ 005/RW
041 0 _apol
_afre
080 _a413:440:484
100 1 _aSzwykowski, Ludwik
_d(1877-1965).
245 1 0 _aSłownik francusko-polski /
_cLudwik Szwykowski ; [oprac. map St. Sibiga ; transkr. fonet. oraz zasady czytania liter fr. Henryk Łebek].
246 1 5 _aDictionnaire français-polonais.
260 _aWarszawa :
_b"Wiedza Powszechna",
_c1962.
300 _aXXVIII, 326, [1] s. ;
_c15 cm.
380 _aKsiążki.
504 _aBibliogr. s. [327].
655 4 _aSłownik francusko-polski
700 1 _aSibiga, Stefan.
_eIl.
700 1 _aŁebek, Henryk
_d(1910-1967).
_eOprac.
710 2 _aPaństwowe Wydawnictwo Wiedza Powszechna
_4pbl.
856 _uhttp://koha.tu.koszalin.pl/cgi-bin/koha/opac-detail.pl?biblionumber=11036
_yKatalog online BPK
942 _2UKD
_cKS
999 _c11036
_d11036